ბათუმის შოთა რუსთაველის სახელმწიფო უნივერსიტეტის ბიბლიოთეკა

მებრძოლის სიმღერები. (ბიბ.ჩანაწერი № 41823)

000 -LEADER
fixed length control field 00788nam a2200229Ia 4500
001 - CONTROL NUMBER
control field 8506
003 - CONTROL NUMBER IDENTIFIER
control field GE_BSU
008 - FIXED-LENGTH DATA ELEMENTS--GENERAL INFORMATION
fixed length control field 181216s||||||||xx |||||||||||||| ||und||
040 ## - CATALOGING SOURCE
Transcribing agency GE_BSU
080 ## - UNIVERSAL DECIMAL CLASSIFICATION NUMBER
Universal Decimal Classification number 821.353.1-1
100 ## - MAIN ENTRY--PERSONAL NAME
Personal name ვარშანიძე,მამია.
245 ## - TITLE STATEMENT
Title მებრძოლის სიმღერები.
245 ## - TITLE STATEMENT
Remainder of title ლექსები.
245 ## - TITLE STATEMENT
Statement of responsibility, etc. რედ:ზ.ფირცხალაიშვილი;მხატვ:რედ;ჯ.მიქელაძე.
260 ## - PUBLICATION, DISTRIBUTION, ETC.
Place of publication, distribution, etc. ბათუმი.
260 ## - PUBLICATION, DISTRIBUTION, ETC.
Name of publisher, distributor, etc. საბჭ.აჭარა.
260 ## - PUBLICATION, DISTRIBUTION, ETC.
Date of publication, distribution, etc. 1981.
300 ## - PHYSICAL DESCRIPTION
Extent 75გვ;1ფ.პორტრ.16სმ.
653 ## - INDEX TERM--UNCONTROLLED
Uncontrolled term ლექსები.
653 ## - INDEX TERM--UNCONTROLLED
Uncontrolled term მებრძოლის სიმღერები.
942 ## - ADDED ENTRY ELEMENTS (KOHA)
Koha item type წიგნი
ეგზემპლარები
Withdrawn status Lost status Damaged status Not for loan Date acquired Barcode Date last seen Price effective from Koha item type
        2018-12-17 30753 2018-12-17 2018-12-17 წიგნი
        2018-12-17 30754 2018-12-17 2018-12-17 წიგნი